Score 0/20 Timer 02:00
6 Plays Today
T.V Show Missing Word % Correct
The Big _____ TheoryBang
98.9%
_____ and OrderLaw
97.4%
_____ Meets WorldBoy
96.8%
Charlie's _____Angels
94.7%
_____ IdolAmerican
94.3%
_____ And The RestlessYoung
93%
Brothers & _____Sisters
90.8%
_____ A TraceWithout
90.8%
_____ ViceMiami
90.4%
Walker ______ RangerTexas
90%
T.V Show Missing Word % Correct
The _____ HillbilliesBeverly
87.9%
_____ With ChildrenMarried
87.7%
Golden _____Girls
87.2%
True _____Blood
83.9%
_____ GuyFamily
79.5%
_____ NoticeBurn
79.5%
_____ AcresGreen
79.2%
_____ DaysHappy
70.5%
_____ BadBreaking
67.1%
_____ MenMad
54.2%

Today's Daily Dose

Missing Word
'T' Pairs

Word Ladder
Game Pieces

Get the Picture
Baseball Movies

Remove Ads.
Support Sporcle.
Get the best of Sporcle when you Go Orange. This ad-free experience offers more features, more stats, and more fun while also helping to support Sporcle. Thank you for becoming a member.

You're not logged in!

Compare scores with friends on all Sporcle quizzes.
OR
Log In

Show Comments

Extras

Top Quizzes Today


Score Distribution

Your Account Isn't Verified!

In order to create a playlist on Sporcle, you need to verify the email address you used during registration. Go to your Sporcle Settings to finish the process.

Report this User

Report this user for behavior that violates our Community Guidelines.

Details: